| 000 | 00733 a2200181 4500 | ||
|---|---|---|---|
| 020 | _a1580530443 | ||
| 040 |
_aDLC _bDLC |
||
| 100 | 1 | _aHarada, Hiroshi, | |
| 245 | 1 | 0 |
_aSimulation and software radio for mobile communications _cHiroshi Harada, Ramjee Prasad. |
| 260 |
_aBoston : _bArtech House, _c2002. |
||
| 300 |
_axx, 467 p. + _e1 computer optical disk (4 3/4 in.) |
||
| 440 | 0 | _aArtech House universal personal communications series. | |
| 538 | _aSystems requirements for accompanying CD-ROM: Windows 95,98 and Macintosh 7.5 or later. | ||
| 650 | 0 |
_aWireless communication systems _xComputer simulation. |
|
| 650 | 0 |
_aCellular telephone systems _xComputer simulation. |
|
| 700 | 1 | _aPrasad, Ramjee. | |
| 942 |
_cBK _k621.38456 HAR _2ddc |
||
| 999 |
_c4705 _d4705 |
||